000 00846nam a2200229Ia 4500
005 20250108125133.0
008 008 250107s9999 xx 000 0 hin d
020 _a81-7315-318-3
037 _aREF
040 _aCRL
_bhin
_cCRL
041 _ahin
_2hin
084 _ak1 Q4.1-.5 (RR)
084 _qCRL
100 _aडालमिया, रघु हरि, ले.
_9169262
245 0 _aमेवाड़ एवं मराठाओं की सहस्र वर्षो की शौर्यगाथा
_cडालमिया, रघु हरि, ले.
260 _aनई दिल्ली, भारत
_bप्रभात प्रकाशन
_c3438
300 _a208पृ0
365 _aINR
_b1600
650 _aइतिहास
942 _cREF
_hk1 Q4.1-.5 (RR)
999 _c1235826
_d1235826